| 000 | 00756cam a22002413a 4500 | ||
|---|---|---|---|
| 001 | 37850 | ||
| 003 | PGUSA | ||
| 005 | 20140828083830.0 | ||
| 008 | 111026s2011||||xxu|||||s|||||000 | eng d | ||
| 040 |
_aPGUSA _beng |
||
| 042 | _adc | ||
| 050 | 4 | _aZ | |
| 100 | 1 |
_aChandler, Henry W. _q(Henry William), _d1828-1889 |
|
| 245 | 1 | 0 |
_aRemarks on the practice and policy of lending Bodleian printed books and manuscripts _h[electronic resource] / _cHenry W. Chandler |
| 260 |
_bProject Gutenberg, _c2011 |
||
| 506 | _aPublic domain in the USA. | ||
| 516 | _aElectronic text | ||
| 653 | _aLibrary circulation and loans | ||
| 653 | _aBodleian Library | ||
| 830 | 0 |
_aProject Gutenberg _v37850 |
|
| 856 | 4 | 0 | _uhttp://www.gutenberg.org/ebooks/37850 |
| 942 | _cEB | ||
| 999 |
_c267104 _d267104 |
||